000 00997 a2200229 4500
005 20260406113252.0
008 260406b |||||||| |||| 00| 0 eng d
020 _a9789388359917 (pbk)
037 _cTB
040 _aCRL
_cCRL
041 _2hin
_ahin
084 _aV2y7M69 152R0
_qCRL
245 _aगांधीजी:
_bमानवता के नायक
260 _aनई दिल्ली, भारत:
_bसस्ता साहित्य मण्डल प्रकाशन,
_c2020.
300 _a157पृ.
365 _b160.00
_cINR
650 _aभारतीय इतिहास
_9811968
650 _aहिन्दी साहित्य
700 _aपालीवाल, कृष्णदत्त
_eसम्पादक
942 _cTB
_2CC
_hV2y7M69 152R0
999 _c1467336
_d1467336